000 00629nam a2200253Ia 4500
001 45973
005 20240114003733.0
007 ta
008 090325s1903 g b000 u 465 u
020 _cHB
040 _aCotton College,Assam
041 _a465
082 _a955
_bW 576 P
100 _aWhigham, H. J. .
245 0 _aThe Persian Problem /
_cH. J. Whigham.
_hTextual Documents
250 _a1st ed /
260 _aLondon :
_bIsbister and Co. Ltd. ,
_c1903.
300 _a424p ;
_c22cm.
653 _aHistory
653 _aT/G-History
942 _2ddc
_cBK
999 _c45938
_d45938